000 00393nam a22001697a 4500
005 20251108175213.0
008 250721s2005 xx 000 0 eng d
082 1 4 _aF/ROT
100 1 _aroth, philip
245 1 4 _aThe plot against america /
264 _bvintage,
_c2005.
300 _a472P.
650 1 7 _aFICTION
650 1 7 _aPOLITICAL FICTION
942 _2ddc
_cBK
999 _c128620
_d128620